Municipalities of Manitowoc County, Wisconsin - Statistics

General Stats
  • This quiz has been taken 47 times
  • The average score is 13 of 31
Answers on the Map
Answers color-coded by a green-red scale on the quiz's map according to % correct below.
 
Answer Stats
Answer % Correct
City of Manitowoc
100%
Town of Manitowoc
100%
City of Two Rivers
92%
Town of Two Rivers
92%
Town of Mishicot
77%
Village of Mishicot
77%
City of Kiel
54%
Town of Two Creeks
54%
Village of Cleveland
54%
Village of Francis Creek
46%
Village of Maribel
46%
Village of St. Nazianz
46%
Village of Valders
46%
Town of Franklin
38%
Town of Maple Grove
38%
Village of Kellnersville
38%
Village of Reedsville
38%
Town of Newton
31%
Town of Rockland
31%
Village of Whitelaw
31%
Census Designated Place of Collins
23%
Town of Cato
23%
Town of Cooperstown
23%
Town of Meeme
23%
Town of Centerville
15%
Town of Eaton
15%
Town of Gibson
15%
Town of Kossuth
15%
Town of Liberty
15%
Town of Manitowoc Rapids
15%
Town of Schleswig
15%
No matching quizzes found
Score Distribution
Percent of People with Each Score
Percentile by Number Answered
Your Score History
You have not taken this quiz